01020nam a2200289Ia 450000500170000000800410001702000180005808200190007610000400009524501600013525000180029530000250031349000150033850400280035365000320038165000300041365000360044365000470047970000250052694200120055126400290056333600270059233700330061933800280065204000350068099900150071520220317001351.0161108s2008 mx g 000 0 spa  a978607400019104a025.1978bN14p1 aNájera Trujillo, Claudia Gabriela10aPero no imposiblebbitácora de la transformación de una biblioteca escolar y su entornocClaudia Gabriela Nájera Trujillo ; prólogo de Delia Lerner a1a. edición a199 páginasc21 cm aTravesía aIncluye bibliografías142LEMBaBibliotecas escolares142LEMB aClubes de lectores142LEMB aFormación de lectores.142LEMBaProgramas de promocion de La lectura1 aLerner, Delia971528 2ddccBK aMéxicobOcéanoc2008 atextobtxt2rdacontent asin mediaciónbn2rdamedia avolumenbnc2rdacarrier aCO-BoRNBPbspaerdacCO-BoRNBP c6749d6749